| 000 | 01798cam a2200313 4500 | ||
|---|---|---|---|
| 001 | J122558 | ||
| 008 | 030609n2002 000 0 eng u | ||
| 020 | _a1904388019 | ||
| 035 | _a(Sirsi) u122558 | ||
| 110 |
_aDefence Estates _93814 |
||
| 245 | _aPrime contracting on the MOD estate: a CPD study pack | ||
| 260 |
_aReading _bCollege of estate Management _c2002 |
||
| 300 | _a36p. ; 30cm. + 1 Owlion audio cd | ||
| 350 | _a41 | ||
| 490 | _aCollege of Estate Management CPD Study Pack | ||
| 520 | _aThis is a Ministry of Defence variation of 'Design & Build', whereby the 'Prime Contractor' is not only responsible for the design and production of the facility but also the maintenance and service over the facility's full lifetime. Prime Contracting is designed to take advantage of collaborative working and supply chain management through incentivised pricing arrangements. The Prime Contractor may be a design organisation, facilities manager, financier or more likely a major 'Design & Build' contractor. However, by their very nature prime contracts tend to be large projects requiring substantial resources and project management skills, but although each project has only one Prime Contractor, it is likely that there will be many 'works package' contractors engaged under 'framework' agreements. [CEM] | ||
| 520 | _aAccompanied by Owlion cd "Prime contracting" which is catalogued separately at J114936 | ||
| 650 | _aDESIGN AND BUILD | ||
| 650 | _aFRAMEWORK AGREEMENTS | ||
| 650 | _aGOVERNMENT PROCUREMENT | ||
| 650 | _aMINISTRY OF DEFENCE | ||
| 650 | _aPRIME CONTRACTING | ||
| 650 | _aProcurement-old | ||
| 650 | _aPUBLIC PROCUREMENT | ||
| 650 | _aSUPPLY CHAIN | ||
| 690 |
_aProject management _96261 |
||
| 710 |
_aCollege of Estate Management _9400 |
||
| 942 | _n0 | ||
| 999 |
_c85426 _d85426 |
||